[Event "Hamburg St Pauli op-B"]
[Site "Hamburg"]
[Date "2014.07.23"]
[Round "5"]
[White "Hippen, Michael"]
[Black "Raedisch, Peter"]
[Result "1/2-1/2"]
[WhiteElo "1791"]
[BlackElo "1682"]
[PlyCount "139"]
[EventDate "2014.07.19"]
[EventType "swiss"]
[EventRounds "9"]
[EventCountry "GER"]
[SourceTitle "CBM 161 Extra"]
[Source "ChessBase"]
[SourceDate "2014.08.29"]
[SourceVersion "1"]
[SourceVersionDate "2014.08.29"]
[SourceQuality "1"]

1. e4 e5 2. Nc3 Nf6 3. d3 Bc5 4. Be2 a6 5. Nf3 Ng4 6. 0-0 d6 7. h3 h5 8. d4 exd4 9. Nxd4 Nf6 10. Bg5 c6 11. Kh1 Qe7 12. f4 Qf8 13. e5 Ng4 14. Qd3 g6 15. Ne4 Bf5 16. Nxf5 d5 17. Nfd6+ Bxd6 18. Nxd6+ Kd7 19. Kg1 Nh6 20. c4 Nf5 21. Nxf5 gxf5 22. Qxf5+ Kc7 23. cxd5 Qc5+ 24. Kh1 Qxd5 25. Qf6 Nd7 26. Qf5 Rae8 27. Rad1 Qe6 28. Qxe6 fxe6 29. g3 Nb6 30. Kg2 Nd5 31. Kf3 Rh7 32. Bc4 Rf7 33. Ke4 Ref8 34. Rf3 Kb6 35. Rc1 Rc8 36. Rb3+ Ka7 37. Bxd5 cxd5+ 38. Kf3 Rxc1 39. g4 Re1 40. gxh5 Rxe5 41. h4 d4 42. h6 Rd5 43. Ke4 b5 44. Rd3 Rfd7 45. Bf6 Kb7 46. Rxd4 Kc6 47. Bg7 Rh5 48. Rxd7 Kxd7 49. Kf3 Rxh4 50. Kg3 Rh1 51. Kg4 Ke7 52. f5 exf5+ 53. Kxf5 Kf7 54. a3 Rh5+ 55. Ke4 a5 56. Kd4 Kg6 57. Ke4 Rc5 58. Kd3 Rc8 59. Kd4 a4 60. Kd3 Rc5 61. Kd4 Rh5 62. Kc3 Kf5 63. Kd4 Ke6 64. Kc3 Kd5 65. Kd3 Rh3+ 66. Ke2 Ke4 67. Kd2 Rh2+ 68. Kc3 Kd5 69. Kb4 Kc6 70. Kc3 1/2-1/2

[Event "Hamburg St Pauli op-B"]
[Site "Hamburg"]
[Date "2013.07.08"]
[Round "3"]
[White "Hippen, Michael"]
[Black "Klawitter, Bernd"]
[Result "1-0"]
[WhiteElo "1773"]
[BlackElo "1613"]
[PlyCount "31"]
[EventDate "2013.07.06"]
[EventType "swiss"]
[EventRounds "9"]
[EventCountry "GER"]
[SourceTitle "EXT 2014"]
[Source "ChessBase"]
[SourceDate "2013.11.20"]
[SourceVersion "1"]
[SourceVersionDate "2013.11.20"]
[SourceQuality "1"]

1. e4 c6 2. d4 d5 3. Nc3 dxe4 4. Nxe4 Bf5 5. Ng3 Bg6 6. Nf3 h6 7. Ne5 Bh7 8. Bc4 e6 9. Qe2 Bb4+ 10. c3 Qxd4 11. 0-0 Bxc3 12. bxc3 Qxc3 13. Bb2 Qb4 14. Nxf7 Kxf7 15. Qxe6+ Kf8 16. Qf7# 1-0

[Event "Lueneburg distr-ch Vormeisterturnier"]
[Site "Buchholz in der Nordheide"]
[Date "2007.11.02"]
[Round "9.7"]
[White "Polzin, Jens Peter"]
[Black "Hippen, Michael"]
[Result "1-0"]
[WhiteElo "1859"]
[BlackElo "1864"]
[PlyCount "111"]
[EventDate "2007.10.27"]
[EventType "swiss"]
[EventRounds "9"]
[EventCountry "GER"]
[SourceTitle "EXT 2015"]
[Source "ChessBase"]
[SourceDate "2014.11.20"]
[SourceVersion "1"]
[SourceVersionDate "2014.11.20"]
[SourceQuality "1"]

1. c4 Nf6 2. Nc3 g6 3. d4 Bg7 4. e4 d6 5. Nf3 0-0 6. Be2 Nbd7 7. 0-0 e5 8. dxe5 dxe5 9. Qc2 c6 10. Bd2 a5 11. Rad1 Qc7 12. a3 Nc5 13. Be3 b6 14. Bxc5 bxc5 15. Na4 Nh5 16. Nxc5 f5 17. exf5 gxf5 18. g3 Qe7 19. Na4 f4 20. Nh4 fxg3 21. fxg3 Nf4 22. Bf3 Nh3+ 23. Kh1 e4 24. Bg2 Bg4 25. Bxh3 Bxh3 26. Rfe1 e3 27. Ng2 Bxg2+ 28. Qxg2 Rad8 29. Rxd8 Qxd8 30. Qxc6 Kh8 31. Qd5 Qf6 32. Qg2 Qd4 33. Qe2 Rf2 34. Qxe3 Rf1+ 35. Kg2 Rxe1 36. Qxe1 Bf8 37. Nc3 Qxc4 38. Qe5+ Kg8 39. Qd5+ Qxd5+ 40. Nxd5 Kf7 41. Kf3 Ke6 42. Ke4 Kd6 43. b4 Kc6 44. Kd4 Kb5 45. Nc3+ Kb6 46. Kc4 Bd6 47. Nd5+ Kb7 48. Kb5 axb4 49. axb4 h5 50. Nf6 h4 51. gxh4 Be7 52. Ne4 Bxh4 53. Kc4 Kb6 54. b5 Be7 55. Nc3 Ka5 56. Nd5 1-0